[Event "FIDE World Cup Women 2023"]
[Site "Baku AZE"]
[Date "2023.08.02"]
[Round "2.1"]
[White "Bulmaga, Irina"]
[Black "Narva, Mai"]
[Result "0-1"]
[WhiteTitle "IM"]
[BlackTitle "IM"]
[WhiteElo "2416"]
[BlackElo "2387"]
[WhiteFideId "13903063"]
[BlackFideId "4500512"]
[EventDate "2023.07.30"]
[EventType "k.o."]

1. e4 c5 2. Nf3 e6 3. g3 Nc6 4. Bg2 Nf6 5. Nc3 d5 6. exd5 exd5 7. d4 Be7 8. O-O
cxd4 9. Nxd4 O-O 10. Be3 Re8 11. h3 h6 12. Re1 Bb4 13. a3 Bxc3 14. Nxc6 bxc6 15.
bxc3 Bf5 16. c4 Qc8 17. Bd4 Ne4 18. g4 Bg6 19. Bb2 Rb8 20. Qd4 Nf6 21. Rxe8+
Qxe8 22. Bc3 Bxc2 23. cxd5 cxd5 24. Qxa7 Ne4 25. Re1 Qc8 26. Bxe4 Bxe4 27. Qd4
f6 28. f3 Bxf3 29. Re7 Rb7 30. Rxb7 Qxb7 31. a4 Qc7 32. Be1 Qc1 33. Qf2 Be4 34.
a5 d4 35. Qe2 Bd5 36. Qd2 Qb1 37. a6 Qe4 38. Bh4 Qh1+ 39. Kf2 Qg2+ 40. Ke1 Qxh3
41. Qf2 Qxg4 42. a7 d3 43. Kd2 Qc4 44. Qf5 Be4 45. Qd7 Qc2+ 46. Ke3 Qe2+ 47. Kd4
d2 0-1

[Event "FIDE World Cup Women 2023"]
[Site "Baku AZE"]
[Date "2023.08.02"]
[Round "2.1"]
[White "Milliet, Sophie"]
[Black "Injac, Teodora"]
[Result "1/2-1/2"]
[WhiteTitle "IM"]
[BlackTitle "IM"]
[WhiteElo "2388"]
[BlackElo "2415"]
[WhiteFideId "623725"]
[BlackFideId "932400"]
[EventDate "2023.07.30"]
[EventType "k.o."]

1. d4 Nf6 2. c4 e6 3. g3 d5 4. Bg2 Bb4+ 5. Bd2 Be7 6. Nf3 Nbd7 7. Qc2 c6 8. Bf4
a5 9. O-O a4 10. Nc3 dxc4 11. Nxa4 Nd5 12. Bd2 b5 13. Nc3 b4 14. Ne4 Ba6 15. Ne5
Nxe5 16. dxe5 O-O 17. Rfd1 Bb5 18. h4 h6 19. Qc1 Ba4 20. Re1 Bb5 21. Bxh6 gxh6
22. Qxh6 f5 23. Qg6+ Kh8 24. Qh6+ Kg8 25. Qg6+ Kh8 26. Qh6+ Kg8 27. Qg6+ 1/2-1/2

[Event "FIDE World Cup Women 2023"]
[Site "Baku AZE"]
[Date "2023.08.02"]
[Round "2.1"]
[White "Salimova, Nurgyul"]
[Black "Kiolbasa, Oliwia"]
[Result "1-0"]
[WhiteTitle "IM"]
[BlackTitle "IM"]
[WhiteElo "2409"]
[BlackElo "2394"]
[WhiteFideId "2915138"]
[BlackFideId "1154613"]
[EventDate "2023.07.30"]
[EventType "k.o."]

1. d4 Nf6 2. Nf3 e6 3. Bf4 c5 4. e3 cxd4 5. exd4 b6 6. Nbd2 Be7 7. Bd3 Ba6 8.
Nc4 d6 9. Qe2 O-O 10. h4 Nc6 11. c3 Rc8 12. Ne3 Bxd3 13. Qxd3 Re8 14. Bg5 h6 15.
Bxf6 Bxf6 16. O-O-O g6 17. h5 g5 18. Kb1 d5 19. Ng4 Bg7 20. Rde1 Rc7 21. Nfe5
Nxe5 22. Nxe5 Qf6 23. Rhf1 Qf5 24. Qxf5 exf5 25. Nd3 Rxe1+ 26. Rxe1 Kf8 27. f4
Re7 28. Rxe7 Kxe7 29. Kc2 f6 30. g3 Kd6 31. a4 Bf8 32. b3 Ke6 33. Kd2 Bd6 34.
Ke3 Kd7 35. c4 dxc4 36. bxc4 Kc6 37. Kd2 Kd7 38. Kc3 Kc6 39. Kb3 a5 40. Kc3 Be7
41. Kd2 Bd6 42. Ke3 Ba3 43. Kf3 Kd6 44. g4 fxg4+ 45. Kxg4 Ke6 46. f5+ Kd7 47.
Kf3 Bf8 48. Nf2 Kc6 49. Ke3 Kd7 50. Ke4 Kc6 51. Ng4 Bg7 52. Ne3 Bf8 53. Nd5 Bg7
54. Kd3 Bh8 55. Nc3 Bg7 56. Ne4 Kd7 57. d5 Kc7 58. c5 bxc5 59. Nxc5 Kd6 60. Ne6
Bh8 61. Kd4 g4 62. Nc5 Bg7 63. Ne4+ Kc7 64. Ke3 g3 65. Nxg3 Bf8 66. Ne4 Be7 67.
Kd4 Ba3 68. Kc4 1-0

[Event "FIDE World Cup Women 2023"]
[Site "Baku AZE"]
[Date "2023.08.02"]
[Round "2.1"]
[White "Badelka, Olga"]
[Black "Garifullina, Leya"]
[Result "1-0"]
[WhiteTitle "IM"]
[BlackTitle "IM"]
[WhiteElo "2397"]
[BlackElo "2408"]
[WhiteFideId "13509926"]
[BlackFideId "34127035"]
[EventDate "2023.07.30"]
[EventType "k.o."]

1. d4 d5 2. c4 e6 3. Nf3 Nf6 4. Nc3 Bb4 5. Qa4+ Nc6 6. e3 O-O 7. Qc2 Ne7 8. Bd2
c5 9. dxc5 Bxc5 10. Rd1 Nc6 11. a3 Bd7 12. cxd5 Ne7 13. dxe6 Bxe6 14. Bd3 Ng6
15. O-O Bg4 16. Be2 Rc8 17. h3 Bd7 18. e4 Qe7 19. Bd3 Ne5 20. Nxe5 Qxe5 21. Be3
Bxe3 22. fxe3 Qg5 23. Rf3 Be6 24. Qf2 Rxc3 25. bxc3 Qe5 26. Qb2 b6 27. Bc2 h6
28. Rd4 Nh7 29. Bb3 Ng5 30. Rf4 Qb5 31. Rb4 Qc5 32. Bxe6 Qxe3+ 33. Qf2 Qc1+ 34.
Qf1 Qe3+ 35. Kh1 Nxe6 36. Rf3 Qd2 37. e5 Qd5 38. Qe2 Rc8 39. Rb1 Qa5 40. Qb5
Qxa3 41. Rxf7 Qa2 42. Rbf1 Rxc3 43. Re7 Rg3 44. Qc6 Nc5 45. Re8+ Kh7 46. Rff8
Rxh3+ 47. gxh3 Qb1+ 48. Kh2 1-0

[Event "FIDE World Cup Women 2023"]
[Site "Baku AZE"]
[Date "2023.08.02"]
[Round "2.1"]
[White "Hoang, Thanh Trang"]
[Black "Divya, Deshmukh"]
[Result "1/2-1/2"]
[WhiteTitle "GM"]
[BlackTitle "WGM"]
[WhiteElo "2402"]
[BlackElo "2400"]
[WhiteFideId "12400149"]
[BlackFideId "35006916"]
[EventDate "2023.07.30"]
[EventType "k.o."]

1. d4 d5 2. Nf3 Nf6 3. e3 c5 4. Nbd2 Nc6 5. Bb5 cxd4 6. exd4 Bf5 7. O-O Qb6 8.
c4 a6 9. Bxc6+ bxc6 10. c5 Qc7 11. Ne5 Nd7 12. Ndf3 f6 13. Nxd7 Qxd7 14. Re1 g5
15. Nd2 Bg7 16. Nb1 O-O 17. Nc3 h6 18. Na4 Rae8 19. Nb6 Qb7 20. f3 e5 21. Be3
Bg6 22. Qd2 Qc7 23. h4 exd4 24. Bxd4 gxh4 25. Rxe8 Rxe8 26. Re1 f5 27. Rxe8+
Bxe8 28. f4 Bxd4+ 29. Qxd4 Qe7 30. Kf2 Qe4 31. Qe5 Qc2+ 32. Kg1 Qxc5+ 33. Kh2
Qf8 34. Nc8 Bd7 35. Ne7+ Kf7 36. Nxc6 Bxc6 37. Qc7+ Qe7 38. Qxc6 Qe4 39. Qxh6 d4
40. Qh7+ Kf8 41. Qh8+ Kf7 1/2-1/2

[Event "FIDE World Cup Women 2023"]
[Site "Baku AZE"]
[Date "2023.08.02"]
[Round "2.1"]
[White "Fataliyeva, Ulviyya"]
[Black "Socko, Monika"]
[Result "1/2-1/2"]
[WhiteTitle "IM"]
[BlackTitle "GM"]
[WhiteElo "2401"]
[BlackElo "2401"]
[WhiteFideId "13403052"]
[BlackFideId "1106619"]
[EventDate "2023.07.30"]
[EventType "k.o."]

1. e4 c5 2. Nf3 g6 3. c3 Bg7 4. Bc4 e6 5. O-O Ne7 6. d4 cxd4 7. cxd4 d5 8. exd5
exd5 9. Bb5+ Nbc6 10. Bg5 O-O 11. Bxc6 bxc6 12. Qc1 f6 13. Bd2 Bg4 14. Bb4 Bxf3
15. gxf3 Rb8 16. Bxe7 Qxe7 17. Qxc6 Rxb2 18. Nc3 f5 19. Nxd5 Qg5+ 20. Kh1 Qh4
21. Nc7 Qxd4 22. Ne6 Qf6 23. Qd5 Qf7 24. Rad1 Re8 25. Nxg7 Qxd5 26. Rxd5 Kxg7
27. Rd7+ Kh6 28. Rxa7 Ree2 29. Kg2 Rxa2 30. Rxa2 Rxa2 1/2-1/2

[Event "FIDE World Cup Women 2023"]
[Site "Baku AZE"]
[Date "2023.08.03"]
[Round "2.2"]
[White "Repkova, Eva"]
[Black "Ju, Wenjun"]
[Result "1/2-1/2"]
[WhiteTitle "IM"]
[BlackTitle "GM"]
[WhiteElo "2312"]
[BlackElo "2564"]
[WhiteFideId "14900440"]
[BlackFideId "8603006"]
[EventDate "2023.07.30"]
[EventType "k.o."]

1. d4 Nf6 2. Nf3 d5 3. Bf4 e6 4. e3 c5 5. Be2 Bd6 6. dxc5 Bxc5 7. O-O Nc6 8. c4
O-O 9. Nc3 dxc4 10. Bxc4 a6 11. Rc1 Be7 12. Qxd8 Bxd8 13. Bd6 Be7 14. Rfd1 b5
15. Nxb5 axb5 16. Bxb5 Bxd6 17. Bxc6 Rxa2 18. Rxd6 Rxb2 19. Ne5 Bb7 20. Bxb7
Rxb7 21. h3 g5 22. Rcd1 Rc8 23. Rd8+ Rxd8 24. Rxd8+ Kg7 25. Rd2 Rb5 26. Nc6 Ne4
27. Rc2 h5 28. g4 hxg4 29. hxg4 Nf6 30. Rc4 Nd7 31. Kg2 Ne5 1/2-1/2

[Event "FIDE World Cup Women 2023"]
[Site "Baku AZE"]
[Date "2023.08.03"]
[Round "2.2"]
[White "Goryachkina, Aleksandra"]
[Black "Ordaz Valdes, Lisandra Teresa"]
[Result "1-0"]
[WhiteTitle "GM"]
[BlackTitle "IM"]
[WhiteElo "2557"]
[BlackElo "2318"]
[WhiteFideId "4147103"]
[BlackFideId "3506940"]
[EventDate "2023.07.30"]
[EventType "k.o."]

1. c4 e6 2. Nc3 d5 3. d4 Nf6 4. Nf3 Be7 5. Bf4 O-O 6. e3 b6 7. Bd3 Bb7 8. cxd5
exd5 9. O-O c5 10. Rc1 a6 11. dxc5 bxc5 12. Re1 Nbd7 13. e4 dxe4 14. Nxe4 Nxe4
15. Bxe4 Bxe4 16. Rxe4 Bf6 17. b3 Re8 18. Rxe8+ Qxe8 19. Qd5 a5 20. h3 a4 21.
Rd1 axb3 22. axb3 Nf8 23. Qxc5 Ne6 24. Qe3 Nxf4 25. Qxf4 Rb8 26. Qc4 Rc8 27. Qd3
Rd8 28. Qc2 Rb8 29. Re1 Qd8 30. Qc6 Rc8 31. Qe4 g6 32. Ne5 Bxe5 33. Qxe5 Qd2 34.
Qe3 Qxe3 35. Rxe3 Rc1+ 36. Kh2 Rb1 37. Kg3 Kg7 38. Kf4 Rb2 39. Rf3 Re2 40. g4 h6
41. h4 Kf6 42. Kg3+ Kg7 43. Rf4 g5 44. Rf3 gxh4+ 45. Kxh4 Kg6 46. Kg3 Rb2 47.
Kf4 Re2 48. Kg3 Rb2 49. Kh4 Re2 50. Rf4 Rb2 51. b4 Rb3 52. Rc4 Kg7 53. Rd4 Kg6
54. Rf4 Kg7 55. f3 Rb2 56. Kg3 Kg6 57. Rc4 Kg7 58. Kf4 Rb3 59. Ke4 Kg6 60. Rc6+
Kg5 61. Rc5+ Kg6 62. b5 Kf6 63. Kd5 Rxf3 64. b6 Rb3 65. Kc6 1-0

[Event "FIDE World Cup Women 2023"]
[Site "Baku AZE"]
[Date "2023.08.03"]
[Round "2.2"]
[White "Priyanka, Nutakki"]
[Black "Koneru, Humpy"]
[Result "1/2-1/2"]
[WhiteTitle "WGM"]
[BlackTitle "GM"]
[WhiteElo "2293"]
[BlackElo "2553"]
[WhiteFideId "25049615"]
[BlackFideId "5008123"]
[EventDate "2023.07.30"]
[EventType "k.o."]

1. e4 e5 2. Nf3 Nc6 3. Bc4 Bc5 4. b4 Bxb4 5. c3 Be7 6. d4 Na5 7. Be2 exd4 8.
Qxd4 d6 9. Qxg7 Bf6 10. Qg3 Ne7 11. Bg5 Ng6 12. h4 h6 13. Be3 Qe7 14. h5 Ne5 15.
Nfd2 Be6 16. f4 Nec4 17. Bf2 O-O-O 18. O-O Rhg8 19. Qd3 Bh4 20. Nb3 Nb2 21. Qf3
Nac4 22. f5 Ne5 23. Qh3 Bxf2+ 24. Rxf2 Bc4 25. Bxc4 Nbxc4 26. N1d2 Nxd2 27. Nxd2
Qg5 28. Nf1 Qg4 29. Qe3 Qxh5 30. Rb1 Qg5 31. Rfb2 Qxe3+ 32. Nxe3 b6 33. Nd5 Rg4
34. Re2 c6 35. Nf6 Rg5 36. Rd1 Kc7 37. Kf2 h5 38. Red2 Ng4+ 39. Nxg4 Rxg4 40.
Kf3 f6 41. c4 Rdg8 42. Rxd6 Rg3+ 43. Kf2 Rxg2+ 44. Kf3 R8g3+ 45. Kf4 Rg4+ 46.
Kf3 R4g3+ 47. Kf4 Rg4+ 48. Kf3 R4g3+ 49. Kf4 1/2-1/2

[Event "FIDE World Cup Women 2023"]
[Site "Baku AZE"]
[Date "2023.08.03"]
[Round "2.2"]
[White "Lagno, Kateryna"]
[Black "Gomes, Mary Ann"]
[Result "1/2-1/2"]
[WhiteTitle "GM"]
[BlackTitle "WGM"]
[WhiteElo "2552"]
[BlackElo "2326"]
[WhiteFideId "14109336"]
[BlackFideId "5013623"]
[EventDate "2023.07.30"]
[EventType "k.o."]

1. e4 c5 2. Nf3 e6 3. d4 cxd4 4. Nxd4 Nf6 5. Nc3 Nc6 6. a3 d5 7. Bb5 Bd7 8. exd5
exd5 9. O-O Be7 10. Be3 O-O 11. Be2 a6 12. Re1 Rc8 13. Bf3 Be6 14. Nce2 Bg4 15.
h3 Bxf3 16. Nxf3 Re8 17. Qd3 Bd6 18. Rad1 Ne5 19. Nxe5 Bxe5 20. c3 h6 21. Qf5
Rc6 22. Nd4 Bxd4 23. Bxd4 Rce6 24. Rxe6 fxe6 25. Qe5 Qb8 26. Qe2 e5 27. Be3 b5
28. Qc2 Qc7 29. Qd3 Kf7 30. Qf5 Qc4 31. Rd2 a5 32. Bb6 a4 33. Be3 Qc8 34. Qd3
Qc4 35. Qf5 Qc8 36. Qd3 Qc4 1/2-1/2

[Event "FIDE World Cup Women 2023"]
[Site "Baku AZE"]
[Date "2023.08.03"]
[Round "2.2"]
[White "Yan, Tianqi"]
[Black "Kosteniuk, Alexandra"]
[Result "1-0"]
[WhiteTitle "WIM"]
[BlackTitle "GM"]
[WhiteElo "2277"]
[BlackElo "2532"]
[WhiteFideId "8615250"]
[BlackFideId "4128125"]
[EventDate "2023.07.30"]
[EventType "k.o."]

1. e4 e5 2. Nf3 Nc6 3. Bb5 a6 4. Ba4 Nf6 5. O-O Be7 6. Re1 b5 7. Bb3 O-O 8. c3
d5 9. exd5 Nxd5 10. Nxe5 Nxe5 11. Rxe5 Bb7 12. d4 Bf6 13. Re1 Re8 14. Bd2 Qd7
15. Na3 a5 16. Rxe8+ Rxe8 17. Qf1 b4 18. Nc2 c5 19. dxc5 bxc3 20. bxc3 a4 21.
Bc4 Qc7 22. Bb5 Rc8 23. Qc4 Be5 24. Re1 Bxh2+ 25. Kh1 Ne7 26. Nb4 Be5 27. c6 Ba8
28. Bg5 Ng6 29. Nd5 Qd6 30. f4 Bf6 31. Nb6 Rxc6 32. Bxc6 Bxc6 33. Bxf6 Qxf6 34.
f5 Nf8 35. Nc8 Bb7 36. Re8 Qh6+ 37. Kg1 Bxc8 38. Rxc8 Qe3+ 39. Kf1 Qc1+ 40. Kf2
Qc2+ 41. Ke3 Qc1+ 42. Kf2 Qd2+ 43. Kf3 Qd1+ 44. Qe2 Qd7 45. Rc5 g6 46. c4 gxf5
47. Rd5 Qc6 48. Kf2 Qf6 49. Qe5 Qb6+ 50. c5 Qb1 51. Rd2 Ne6 52. Rb2 1-0

[Event "FIDE World Cup Women 2023"]
[Site "Baku AZE"]
[Date "2023.08.03"]
[Round "2.2"]
[White "Tan, Zhongyi"]
[Black "Ryjanova, Julia"]
[Result "1-0"]
[WhiteTitle "GM"]
[BlackTitle "WGM"]
[WhiteElo "2523"]
[BlackElo "2273"]
[WhiteFideId "8603642"]
[BlackFideId "4127714"]
[EventDate "2023.07.30"]
[EventType "k.o."]

1. e4 c5 2. Nf3 e6 3. d4 cxd4 4. Nxd4 Qb6 5. Nb3 Qc7 6. Bd3 Nf6 7. Nc3 a6 8. f4
d6 9. Qe2 b5 10. Bd2 Bb7 11. O-O Nbd7 12. Rae1 e5 13. Kh1 Be7 14. a4 bxa4 15.
Nxa4 O-O 16. Na5 Bc8 17. b4 exf4 18. Nc3 Ne5 19. Nd5 Nxd5 20. exd5 Bh4 21. Bxh7+
Kxh7 22. Qh5+ Kg8 23. Qxh4 Qxc2 24. Bxf4 f6 25. Bxe5 dxe5 26. Nc6 Bb7 27. Ne7+
Kf7 28. Rxe5 Rh8 29. Qg4 Bc8 30. Nxc8 Qxc8 31. Re6 Ra7 32. Rfe1 Qc2 33. d6 Rh7
34. Re7+ Rxe7 35. dxe7 Ke8 36. Qd7+ 1-0

[Event "FIDE World Cup Women 2023"]
[Site "Baku AZE"]
[Date "2023.08.03"]
[Round "2.2"]
[White "Kulon, Klaudia"]
[Black "Dzagnidze, Nana"]
[Result "1/2-1/2"]
[WhiteTitle "IM"]
[BlackTitle "GM"]
[WhiteElo "2331"]
[BlackElo "2511"]
[WhiteFideId "1131044"]
[BlackFideId "13601903"]
[EventDate "2023.07.30"]
[EventType "k.o."]

1. e4 c5 2. Nf3 e6 3. d4 cxd4 4. Nxd4 Nc6 5. Nc3 Qc7 6. Be3 a6 7. a3 b5 8. Nxc6
Qxc6 9. Be2 Bb7 10. O-O Rc8 11. Qd3 Nf6 12. Rfd1 h6 13. Bf3 Qc7 14. Bd4 e5 15.
Be3 Bc5 16. a4 Bxe3 17. Qxe3 b4 18. Na2 O-O 19. Nxb4 a5 20. Nd5 Bxd5 21. exd5 e4
22. Be2 Qxc2 23. Rd2 Qc5 24. Qxc5 Rxc5 25. d6 Re8 26. Bb5 e3 27. fxe3 Rxe3 28.
Rf1 Re6 29. Rd4 Kf8 30. h3 Ke8 31. Bc4 Ree5 32. Rf3 Kf8 33. Rb3 g5 34. Rb5 Kg7
35. b3 h5 36. Rb7 h4 37. Rd1 Rc6 38. Ra7 Kf8 39. Rc7 Rcc5 40. Rf1 Kg7 41. Kh2
Kg6 42. Bd3+ Kg7 43. Bc4 Kg6 1/2-1/2

[Event "FIDE World Cup Women 2023"]
[Site "Baku AZE"]
[Date "2023.08.03"]
[Round "2.2"]
[White "Muzychuk, Mariya"]
[Black "Rakhmangulova, Anastasiya"]
[Result "1-0"]
[WhiteTitle "GM"]
[BlackTitle "WIM"]
[WhiteElo "2511"]
[BlackElo "2347"]
[WhiteFideId "14114550"]
[BlackFideId "14117479"]
[EventDate "2023.07.30"]
[EventType "k.o."]

1. e4 c5 2. Nf3 d6 3. d4 cxd4 4. Nxd4 Nf6 5. Nc3 a6 6. h3 e6 7. g4 Be7 8. g5
Nfd7 9. h4 b5 10. a3 Bb7 11. Be3 Nc6 12. Qd2 Rc8 13. O-O-O O-O 14. Nxc6 Rxc6 15.
f4 Qa5 16. Kb1 Rxc3 17. Qxc3 Qxc3 18. bxc3 Bxe4 19. Rh3 d5 20. Kb2 Bc5 21. c4
bxc4 22. Bxc4 Rb8+ 23. Bb3 a5 24. Ka2 Bf5 25. Rg3 Bxe3 26. Rxe3 Nb6 27. Rd4 Rc8
28. Kb2 a4 29. Rxa4 Nxa4+ 30. Bxa4 d4 31. Re5 f6 32. Rb5 Rc7 33. Bb3 Kf8 34. a4
Ke7 35. a5 Ra7 36. Bc4 Be4 37. Rb6 Rb7 38. Rxb7+ Bxb7 39. c3 dxc3+ 40. Kxc3 Kd6
41. Kd4 h6 42. a6 Ba8 43. Bd3 Kc7 44. Be4 Bxe4 45. Kxe4 Kb6 1-0

[Event "FIDE World Cup Women 2023"]
[Site "Baku AZE"]
[Date "2023.08.03"]
[Round "2.2"]
[White "Daulyte-Cornette, Deimante"]
[Black "Muzychuk, Anna"]
[Result "1/2-1/2"]
[WhiteTitle "IM"]
[BlackTitle "GM"]
[WhiteElo "2348"]
[BlackElo "2504"]
[WhiteFideId "12802859"]
[BlackFideId "14111330"]
[EventDate "2023.07.30"]
[EventType "k.o."]

1. e4 e5 2. Nf3 Nf6 3. Nxe5 d6 4. Nf3 Nxe4 5. Nc3 Nf6 6. d4 Be7 7. Bd3 O-O 8. h3
c5 9. Be3 Nc6 10. a3 a6 11. d5 Na7 12. a4 Bd7 13. O-O b5 14. Be2 Re8 15. axb5
axb5 16. b4 Qc7 17. Qb1 Rab8 18. Rd1 Bd8 19. Ne1 Nc8 20. Nd3 cxb4 21. Qxb4 Nb6
22. Nc1 Na4 23. Ra3 Nxc3 24. Rxc3 Qa5 25. Qxd6 Qxc3 26. Qxb8 Qxc2 27. Qb7 Ba5
28. Bf3 Qc8 29. Qa7 Qc7 30. Qd4 Bc3 31. Qd3 Be5 32. Nb3 Qc4 33. Nc5 Qxd3 34.
Rxd3 b4 35. Nxd7 Nxd7 36. d6 Rd8 37. Bd1 Nf6 38. Bc5 Ne4 39. Bxb4 Nxd6 40. Bf3
g6 41. g3 f5 42. Bd5+ Kg7 43. f4 Bf6 44. Ba5 Rc8 45. Be6 Rc6 46. g4 fxg4 47.
hxg4 Nf7 48. Bd5 Rd6 49. g5 Bb2 50. Kg2 h6 51. gxh6+ Nxh6 52. Kf3 Ng8 53. Bc7
Rd7 54. Be5+ Bxe5 55. fxe5 Ne7 56. Be4 Rxd3+ 57. Bxd3 Nc6 58. Bxg6 Nxe5+ 59. Ke4
Kxg6 60. Kxe5 1/2-1/2

[Event "FIDE World Cup Women 2023"]
[Site "Baku AZE"]
[Date "2023.08.03"]
[Round "2.2"]
[White "Dronavalli, Harika"]
[Black "Rudzinska, Michalina"]
[Result "1-0"]
[WhiteTitle "GM"]
[BlackTitle "WFM"]
[WhiteElo "2500"]
[BlackElo "2257"]
[WhiteFideId "5015197"]
[BlackFideId "1172883"]
[EventDate "2023.07.30"]
[EventType "k.o."]

1. d4 Nf6 2. Nf3 c5 3. c3 e6 4. Bf4 Be7 5. h3 b6 6. e3 Bb7 7. Nbd2 cxd4 8. exd4
d6 9. Bd3 O-O 10. O-O Nbd7 11. Re1 Re8 12. Bh2 Nf8 13. Bb5 N6d7 14. Ne4 a6 15.
Bd3 Qc7 16. a4 h6 17. Qe2 f5 18. Ng3 g6 19. Nf1 Bf6 20. Ne3 e5 21. Bc4+ Kg7 22.
dxe5 Nxe5 23. Bd5 Ne6 24. Rad1 Nc5 25. Bxb7 Qxb7 26. Nxe5 Bxe5 27. Bxe5+ Rxe5
28. Qd2 Rd8 29. Nc4 Rxe1+ 30. Rxe1 d5 31. Qd4+ Kh7 32. Qf6 Rd7 33. Re8 Rg7 34.
Qf8 1-0

[Event "FIDE World Cup Women 2023"]
[Site "Baku AZE"]
[Date "2023.08.03"]
[Round "2.2"]
[White "Shuvalova, Polina"]
[Black "Beydullayeva, Govhar"]
[Result "1-0"]
[WhiteTitle "IM"]
[BlackTitle "WGM"]
[WhiteElo "2496"]
[BlackElo "2355"]
[WhiteFideId "24171760"]
[BlackFideId "13413015"]
[EventDate "2023.07.30"]
[EventType "k.o."]

1. e4 c5 2. Nf3 d6 3. Bb5+ Bd7 4. Bxd7+ Nxd7 5. c3 Ngf6 6. Qe2 Qc7 7. O-O e6 8.
d4 Be7 9. e5 dxe5 10. dxe5 Nd5 11. c4 Nb4 12. Nc3 a6 13. Bf4 Nc6 14. Rfd1 O-O-O
15. Bg3 Qb6 16. Ne4 h6 17. h3 Ndb8 18. Nd6+ Bxd6 19. exd6 Nd7 20. Rd3 Rhe8 21.
Rb3 Qa7 22. Rd1 e5 23. Re3 f6 24. Nh4 Nd4 25. Qg4 g5 26. Nf5 h5 27. Qe4 h4 28.
Bh2 Kb8 29. f4 gxf4 30. Bxf4 Rg8 31. Bh2 Qb6 32. Nxh4 Qxd6 33. Kh1 Qe6 34. b3
Ka7 35. Rf1 Nb8 36. Rg3 Nbc6 37. Rxg8 Rxg8 38. g4 Rh8 39. Bg3 Nb4 40. Rf2 Qe7
41. Kg2 Qg7 42. Nf5 Qd7 43. Ne3 Ne6 44. Rxf6 Nf4+ 45. Bxf4 Qd2+ 46. Kg3 Nd3 47.
Bg5 Nc1 48. Qg2 Ne2+ 49. Kh2 e4 50. Nd5 Qb2 51. Rf2 Qe5+ 52. Bf4 Nxf4 53. Rxf4
e3 54. Qe2 1-0

[Event "FIDE World Cup Women 2023"]
[Site "Baku AZE"]
[Date "2023.08.03"]
[Round "2.2"]
[White "Aulia, Medina Warda"]
[Black "Khademalsharieh, Sarasadat"]
[Result "1/2-1/2"]
[WhiteTitle "IM"]
[BlackTitle "IM"]
[WhiteElo "2355"]
[BlackElo "2488"]
[WhiteFideId "7101570"]
[BlackFideId "12512214"]
[EventDate "2023.07.30"]
[EventType "k.o."]

1. e4 e5 2. Nf3 Nc6 3. Bb5 g6 4. c3 a6 5. Ba4 Bg7 6. d4 exd4 7. cxd4 b5 8. Bc2
d5 9. e5 Nge7 10. h3 O-O 11. O-O Nf5 12. Nc3 Kh8 13. Re1 f6 14. Bb3 Nfe7 15.
exf6 Bxf6 16. Bh6 Bg7 17. Bxg7+ Kxg7 18. Rc1 Qd6 19. Qd2 Bxh3 20. Nxd5 Nxd5 21.
Bxd5 Qxd5 22. Rxc6 Rxf3 23. Rxc7+ Rf7 24. Rxf7+ Qxf7 25. gxh3 Rd8 26. Qe3 Rd5
27. Qa3 Rg5+ 28. Kf1 Qc4+ 29. Re2 Qc6 30. Qe7+ Kh6 31. Qe4 Qc1+ 32. Re1 Qc4+ 33.
Re2 Qc1+ 34. Re1 1/2-1/2

[Event "FIDE World Cup Women 2023"]
[Site "Baku AZE"]
[Date "2023.08.03"]
[Round "2.2"]
[White "Khotenashvili, Bella"]
[Black "Cyfka, Karina"]
[Result "1-0"]
[WhiteTitle "GM"]
[BlackTitle "IM"]
[WhiteElo "2475"]
[BlackElo "2356"]
[WhiteFideId "13602640"]
[BlackFideId "1122681"]
[EventDate "2023.07.30"]
[EventType "k.o."]

1. d4 Nf6 2. c4 e6 3. Nf3 Bb4+ 4. Nbd2 O-O 5. a3 Be7 6. e4 d6 7. Be2 b6 8. Qc2
Bb7 9. d5 e5 10. Nb1 Ne8 11. Nc3 Bc8 12. h3 f5 13. exf5 Bxf5 14. Bd3 Bxd3 15.
Qxd3 Nd7 16. b4 a5 17. Rb1 h6 18. Qg6 Rf6 19. Qd3 Rf8 20. O-O Nef6 21. Nd2 Nh7
22. Nde4 Ng5 23. Nb5 Nxe4 24. Qxe4 Nf6 25. Qg6 Kh8 26. Bd2 axb4 27. axb4 Qd7 28.
Ra1 c6 29. Rxa8 Rxa8 30. dxc6 Qxc6 31. Qf7 Ng8 32. Be3 Bf8 33. Rd1 Rc8 34. Rc1
Ra8 35. Qc7 Qxc7 36. Nxc7 Rb8 37. b5 Nf6 38. Nd5 Nd7 39. Ra1 Rc8 40. Ra7 Nf6 41.
Nxb6 Rb8 42. Nd7 Rc8 43. b6 1-0

[Event "FIDE World Cup Women 2023"]
[Site "Baku AZE"]
[Date "2023.08.03"]
[Round "2.2"]
[White "Mammadova, Gulnar"]
[Black "Batsiashvili, Nino"]
[Result "1/2-1/2"]
[WhiteTitle "IM"]
[BlackTitle "GM"]
[WhiteElo "2357"]
[BlackElo "2474"]
[WhiteFideId "13403508"]
[BlackFideId "13602993"]
[EventDate "2023.07.30"]
[EventType "k.o."]

1. e4 c5 2. Nf3 Nc6 3. Bb5 g6 4. Bxc6 bxc6 5. d4 Bg7 6. dxc5 Qa5+ 7. Nbd2 Qxc5
8. O-O Nf6 9. e5 Ng4 10. Nb3 Qd5 11. Qxd5 cxd5 12. Re1 f6 13. Bf4 fxe5 14. Nxe5
Nxe5 15. Bxe5 Bxe5 16. Rxe5 e6 17. f4 O-O 18. g3 Rb8 19. Rb1 Ba6 20. Nd4 Rb4 21.
c3 Ra4 22. Ra1 Bd3 23. Re3 Be4 24. b3 Ra3 25. Nb5 Ra6 26. Nd4 Rb8 27. a4 d6 28.
b4 e5 29. fxe5 dxe5 30. Nb3 Rc6 31. Nc5 Rbc8 32. a5 Rxc5 33. bxc5 Rxc5 34. a6
Kf7 35. Ra3 Ke6 36. Re2 Bd3 37. Rb2 Rc7 38. Kf2 Kd6 39. Ke3 Bc4 40. Rb8 Rc6 41.
Rd8+ Ke6 42. Ra8 Rc7 43. Ra1 Kd6 44. Rf8 Ke7 45. Rb8 Kd6 46. h4 Rc6 47. Rd8+ Ke6
48. Ra8 Bxa6 49. Kd2 h5 50. Ra5 Bc4 51. R5xa7 Kf5 52. Re8 e4 53. Rae7 Kg4 54.
Re6 Rxe6 55. Rxe6 Kxg3 56. Rxg6+ Kxh4 57. Ke3 Kh3 58. Kf4 h4 59. Rh6 Bb3 60. Rg6
Bc4 1/2-1/2

[Event "FIDE World Cup Women 2023"]
[Site "Baku AZE"]
[Date "2023.08.03"]
[Round "2.2"]
[White "Paehtz, Elisabeth"]
[Black "Munkhzul, Turmunkh"]
[Result "1/2-1/2"]
[WhiteTitle "GM"]
[BlackTitle "WGM"]
[WhiteElo "2471"]
[BlackElo "2226"]
[WhiteFideId "4641833"]
[BlackFideId "4901878"]
[EventDate "2023.07.30"]
[EventType "k.o."]

1. e4 c5 2. c3 Nf6 3. e5 Nd5 4. Nf3 Nc6 5. d4 cxd4 6. cxd4 d6 7. Bc4 Nb6 8. Bb5
dxe5 9. Nxe5 Bd7 10. Nc3 Nxe5 11. dxe5 Bxb5 12. Nxb5 Qxd1+ 13. Kxd1 O-O-O+ 14.
Ke2 Rd5 15. a4 Rxe5+ 16. Be3 Nd5 17. Rac1+ Kb8 18. Rhd1 e6 19. Kf3 Rf5+ 20. Ke2
Re5 21. Kf3 Be7 22. Bxa7+ Ka8 23. Bd4 Rf5+ 24. Ke2 Rd8 25. Nc7+ Kb8 26. Nxd5
Rfxd5 27. Bxg7 Rg5 28. Rxd8+ Bxd8 29. Bc3 Bc7 30. g3 h5 31. Rd1 Kc8 32. Rd4 Rf5
33. Rc4 Kd7 34. Rd4+ Kc8 35. Rc4 Kd7 36. Rd4+ Kc8 37. Rc4 1/2-1/2